ნორმალური ფორმატი
MARC ფორმატი
ჩანაწერი Geographic Name
ჩანაწერთა რაოდენობა, რომელიც გამოყენებულია: 1
001 - CONTROL NUMBER
- control field: 9881
003 - CONTROL NUMBER IDENTIFIER
- control field: GE_BSU
005 - DATE AND TIME OF LATEST TRANSACTION
- control field: 20201209112555.0
008 - FIXED-LENGTH DATA ELEMENTS
- fixed length control field: 201209|| aca||aabn | a|a d
040 ## - CATALOGING SOURCE
- Original cataloging agency: GE_BSU
- Transcribing agency: GE_BSU
151 ## - HEADING--GEOGRAPHIC NAME
- Geographic name: United States
- General subdivision: Foreign relations
- Geographic subdivision: China.
670 ## - SOURCE DATA FOUND
- Source citation: Work cat.: (GE_BSU)0: Allison, Graham T., author. 9874, Destined for war :
